000 01823nam a2200481 i 4500
001 KOSZ 005/HR
003 KOSZ 005
005 20220623122109.0
008 101221s2002 pl a f f |000 0 pol
020 _a8388283995
040 _cKOSZ 005
_aKOSZ 005
_dKOSZ 005/HR
046 _k2002
080 _a338.43(438)
080 _a338.43(4-67)
080 _a(075.8)
100 1 _aJasiulewicz, Michał
_d(1946- )
_eAutor
245 1 0 _aPodstawy agrobiznesu /
_cMichał Jasiulewicz, Waldemar Gostomczyk, Romuald Kiełczewski ; Politechnika Koszalińska.
260 _aKoszalin :
_bWydawnictwo Uczelniane Politechniki Koszalińskiej,
_c2002.
300 _a313 s. :
_brys., tab., wykr. ;
_c24 cm.
336 _2rda content
_aTekst
_btxt
337 _2rdacontent
_aTekst
_btxt
338 _2rdacarrier
_aWolumin
_bnc
380 _aKsiążki
380 _aPublikacje dydaktyczne
385 _mPoziom nauczania
_aSzkoły wyższe
388 _a2001-
504 _aBibliogr. przy rozdz.
521 _aSkrypt Wydz. Ekonomii i Zarządzania do przedmiotu agrobiznes.
610 2 4 _aUnia Europejska (UE)
648 _a2001-
650 4 _aIntegracja europejska
650 4 _aAgrobiznes
651 4 _aPolska
655 4 _aPodręczniki akademickie
658 _aGospodarka, ekonomia, finanse
658 _aRolnictwo i leśnictwo
700 1 _aGostomczyk, Waldemar
_eAutor
700 1 _aKiełczewski, Romuald
_eAutor
710 2 _aWydawnictwo Uczelniane (Politechnika Koszalińska)
_4pbl.
856 _uhttp://dlibra.tu.koszalin.pl/dlibra/docmetadata?id=105&from=&dirids=1&ver_id=&lp=1&QI=
_yBiblioteka Cyfrowa
856 _uhttp://koha.tu.koszalin.pl/cgi-bin/koha/opac-detail.pl?biblionumber=51058
_yKatalog online BPK
942 _cKS
_2UKD
999 _c51058
_d51058